Garcilaso de la Vega /

Bibliographic Details
Main Author: Prieto, Antonio
Format: Book
Language:Spanish
Published: Madrid : Sociedad General Espanola de Libreria, 1975.
Series:Colección "Clásicos y modernos" ; no. 2.
Subjects:

MARC

Tag First Indicator Second Indicator Subfields
LEADER 00000cam a2200000 i 4500
001 in00000055435
005 20151008052232.0
008 750821s1975 sp a b 00010bspa
010 |a  75511710  
015 |a Sp*** 
020 |a 8471430541 
035 |a (OCoLC)01623369 
035 |9 AAH2367AM 
040 |a DLC  |c DLC  |d TXA  |d UtOrBLW 
049 |a TXAM  |c [1159998] 
050 0 0 |a PQ6392  |b .P7 
100 1 |a Prieto, Antonio. 
245 1 0 |a Garcilaso de la Vega /  |c Antonio Prieto. 
264 1 |a Madrid :  |b Sociedad General Espanola de Libreria,  |c 1975. 
300 |a 182 pages, 1 unnumbered page :  |b illustrations ;  |c 19 cm. 
336 |a text  |b txt  |2 rdacontent 
337 |a unmediated  |b n  |2 rdamedia 
338 |a volume  |b nc  |2 rdacarrier 
490 1 |a Coleccion Clasicos y modernos ;  |v no. 2 
504 |a Bibliography: page [183]. 
600 0 0 |a Vega, Garcilaso de la,  |d 1503-1536. 
830 0 |a Colección "Clásicos y modernos" ;  |v no. 2. 
999 |a MARS 
999 f f |s e13ecfff-ecfe-39c4-a5b5-4877494ec3b4  |i a1b86c97-7ec5-3cd4-8799-330517452fc7  |t 0 
952 f f |p ric  |a Texas A&M University  |b Rellis Campus  |c Joint Library Facility  |d Remote Storage  |t 0  |e PQ6392 .P7  |h Library of Congress classification  |i unmediated -- volume  |m A14803807628 
998 f f |a PQ6392 .P7  |t 0  |l Remote Storage